00768cam a22002053a 45000010005000000030006000050050017000110080041000280400015000690420007000840500006000911000041000972450201001382600029003395060030003685160020003986530075004188300028004938560041005215620PGUSA20140828083122.0040501s2004||||xxu|||||s|||||000 | eng d aPGUSAbeng adc 4aN1 aJames, Juliet Helena Lumbard,d1864-10aPalaces and Courts of the Exposition :bA Handbook of the Architecture, Sculpture and Mural Paintings, with Special Reference to the Symbolismh[electronic resource] /cJuliet Helena Lumbard James bProject Gutenberg,c2004 aPublic domain in the USA. aElectronic text aPanama-Pacific International Exposition (1915 : San Francisco, Calif.) 0aProject Gutenbergv562040uhttp://www.gutenberg.org/ebooks/5620